000 00467nam a2200205Ia 4500
001 13207
003 GE_BSU
008 181216s||||||||xx |||||||||||||| ||und||
020 _a100161118443
040 _cGE_BSU
080 _a821.111-312.4
100 _aSparks,Kerrelyn.
245 _aBe still my vampire heart.
260 _aNew York.
260 _bAvon bookc.
260 _c2007
300 _a371p;18cm.
653 _aBe still my vampire heart.
942 _cBK
999 _c46371
_d46371